Derecho de propiedad en el Ecuador

Bibliographic Details
Main Author: Eguiguren, Genaro
Format: eBook
Language:Spanish
Published: Quito: Corporacin̤ Editoria Nacional, 2008
Subjects:
Online Access:Acceso restringido

MARC

LEADER 00000nam a22000007a 4500
005 20141020012356.0
007 cr|||| ||||
008 141020s2008 ec |||||s|||| 00||0 spa d
020 |a 978-9978-84-480-9 
035 |a 12475 
040 |a vLex 
090 |c 5243  |d 5243 
100 1 |a Eguiguren, Genaro 
245 1 0 |a Derecho de propiedad en el Ecuador  |h [Recurso electrn̤ico] /  |c Genaro Eguiguren 
256 |a Servicio en ln̕ea 
260 |a Quito:  |b Corporacin̤ Editoria Nacional,  |c 2008 
300 |a 1 recurso electrn̤ico 
500 |a Incluye jurisprudencia. 
506 1 |a Disponible solo en los productos indicados  |d vLex Global  |d vLex Global (Academic Edition, excluding Law Schools)  |d vLex Global (U.S. Academic Edition, Law Schools)  |d vLex Global (U.S. Academic Edition, excluding Law Schools)  |d vLex Global (Academic Edition, Law Schools) 
650 0 4 |a Derechos Reales  |z Ecuador 
740 0 |a vLex Libros (Servicio en ln̕ea) 
856 4 0 |u http://vlex.com/source/derecho-propiedad-ecuador-12475  |z Acceso restringido 
942 |c BOOK 
999 0 |a Civil Law